000
00324 a2200157 4500
001
180118
020
_a
040
_c
Magnum
100
_a
Galdino, Luiz
240
1
0
_a
Sacici siriri sici
_l
por
245
1
0
_a
Sacici siriri sici
300
_a
48
362
0
_a
1985
697
_a
LITERATURA INFANTO-JUVENIL
942
_c
BK
999
_c
180118
_d
180118